000 00432nam a2200169Ia 4500
008 100323t2008 xxu||||| |||| 00| 0 sin d
041 _asin
080 _aX8S31
_bGAM
100 _aGamage, Ganga Shine
245 _aතාරකා රාත්‍රිය
246 _aTharaka Rathriya
260 _bPahan
_aColombo
_c2008
300 _a208p., 21 cm
942 _cBK
999 _c73021
_d73021
003 LK-CoDNM
040 _aLK-CoDNM
_dLK-CoDNM
_eLK-CoDNM